Africa in contemporary perspective :a textbook for undergraduate students. / (Record no. 3143)

MARC details
000 -LEADER
fixed length control field 01888cam a2200289 i 4500
001 - CONTROL NUMBER
control field 18062691
003 - CONTROL NUMBER IDENTIFIER
control field OSt
005 - DATE AND TIME OF LATEST TRANSACTION
control field 20210414114236.0
008 - FIXED-LENGTH DATA ELEMENTS--GENERAL INFORMATION
fixed length control field 140311s2013 gh a b 001 0 eng
010 ## - LIBRARY OF CONGRESS CONTROL NUMBER
LC control number 2013441597
020 ## - INTERNATIONAL STANDARD BOOK NUMBER
International Standard Book Number 9789988647599
040 ## - CATALOGING SOURCE
Original cataloging agency DLC
Language of cataloging eng
Transcribing agency DLC
Description conventions rda
042 ## - AUTHENTICATION CODE
Authentication code lcode
-- pcc
043 ## - GEOGRAPHIC AREA CODE
Geographic area code f------
050 00 - LIBRARY OF CONGRESS CALL NUMBER
Classification number DT19.8.A32
245 00 - TITLE STATEMENT
Title Africa in contemporary perspective :a textbook for undergraduate students. /
Statement of responsibility, etc. edited by Takyiwaa Manuh and Esi Sutherland-Addy.
260 ## - PUBLICATION, DISTRIBUTION, ETC.
Place of publication, distribution, etc. Ghana:
Name of publisher, distributor, etc. Saharan Publishers,
Date of publication, distribution, etc. 2013.
300 ## - PHYSICAL DESCRIPTION
Extent xviii, 510 pages.:
Other physical details illustrations (chiefly color) ;
Dimensions 25 cm.
500 ## - GENERAL NOTE
General note Includes bibliographical references and index.
505 ## - FORMATTED CONTENTS NOTE
Formatted contents note Contents: Geography of africa -- The population of sub-saharah africa -- Language and africa -- Gender and society in africa -- Africa and its diaspora -- The culture framework of development -- African worldviews -- Islam and Christianity in africa -- Traditional and modern leadership in africa -- Development theory and african society:an introduction -- Agricultural development in africa -- Human security in africa -- Political economy of development and policy outcomes -- In search of health and well-being in africa -- Environment and development in sub-saharan -- Science and technology for africa -- The heritage of literary arts in africa -- An exploration of african art -- Dance symbolism in africa -- Music in african communities -- A historical review of popular entertainment in sub-saharan africa -- A guide to select reference source in africa studies
651 #0 - SUBJECT ADDED ENTRY--GEOGRAPHIC NAME
Geographic name Africa
General subdivision History
-- Study and teaching (Higher)
700 1# - ADDED ENTRY--PERSONAL NAME
Personal name Manuh, Takyiwaa,
Relator term editor of compilation.
700 1# - ADDED ENTRY--PERSONAL NAME
Personal name Sutherland-Addy, Esi,
Relator term editor of compilation.
906 ## - LOCAL DATA ELEMENT F, LDF (RLIN)
a 7
b cbc
c origode
d 3
e ncip
f 20
g y-gencatlg
942 ## - ADDED ENTRY ELEMENTS (KOHA)
Source of classification or shelving scheme Library of Congress Classification
Koha item type Books
Holdings
Withdrawn status Lost status Source of classification or shelving scheme Damaged status Not for loan Home library Current library Shelving location Date acquired Total Checkouts Full call number Barcode Date last seen Copy number Price effective from Koha item type
    Library of Congress Classification     WISCONSIN INTERNATIONAL UNIVERSITY COLLEGE, GHANA - MAIN LIBRARY WISCONSIN INTERNATIONAL UNIVERSITY COLLEGE, GHANA - MAIN LIBRARY Reference 16/07/2014   DT19.8.A32 7700/127/14 16/07/2014 1 16/07/2014 Books
    Library of Congress Classification     WISCONSIN INTERNATIONAL UNIVERSITY COLLEGE, GHANA - MAIN LIBRARY WISCONSIN INTERNATIONAL UNIVERSITY COLLEGE, GHANA - MAIN LIBRARY Reference 16/07/2014   DT19.8.A321 7701/128/14 16/07/2014 2 16/07/2014 Books

If you have any concerns or questions; kindly contact the library


© Powered by WIUC ICT DIRECTORATE